| 000 | 00788mam a2200277 a 4500 | ||
|---|---|---|---|
| 001 | 3303633 | ||
| 003 | ARRUPE | ||
| 005 | 20131025020007.0 | ||
| 008 | 020926s2002 ug ab 001 0 eng d | ||
| 020 | _a9970022776 | ||
| 035 | _a(OCoLC)ocm50681578 | ||
| 035 | _a(NNC)3303633 | ||
| 040 |
_aINU _cINU _dNjP |
||
| 043 | _afe----- | ||
| 050 | 4 |
_aDT430 _b.O41 2002 |
|
| 100 | 1 |
_aOkello, Benson. _91624 |
|
| 245 | 1 | 2 |
_aA history of East Africa / _cBenson Okello. |
| 260 |
_aKampala, Uganda : _bFountain Publishers, _c2002. |
||
| 300 |
_axi, 253 p. : _bill., maps ; _c21 cm. |
||
| 490 | 1 | _aFountain UCE study-books | |
| 500 | _aIncludes index. | ||
| 651 | 0 |
_aAfrica, East _xHistory. _91625 |
|
| 830 | 0 |
_aFountain UCE study-books. _91626 |
|
| 942 |
_2lcc _cMONOGRAPH _01 |
||
| 999 |
_c118132 _d118132 |
||